Bytový dom

Enregistré dans:
Détails bibliographiques
Auteur principal: Kmeť, Eduard (Auteur)
Autres auteurs: Funtík, Tomáš (Directeur de thèse)
Format: Manuscrit Livre
Langue:slovaque
Publié: 2018
Sujets:
Accès en ligne:http://is.stuba.sk/zp/portal_zp.pl?podrobnosti=129769
https://opac.crzp.sk/?fn=detailBiblioForm&sid=CB745B58B0F7E53C035BCB6F3E25
Tags: Ajouter un tag
Pas de tags, Soyez le premier à ajouter un tag!

MARC

LEADER 00000ntm a22000003a 4500
001 stuzp70551
003 SK-STU
005 20230517151212.8
007 ta
008 150427s2015----xo-----f-mn---000-0-slo-d
040 |a STU  |b slo 
041 0 |a slo 
100 1 |a Kmeť, Eduard  |u 010270  |4 aut  |U SvF Stavebná fakulta  |T SvF Katedra technológie stavieb  |X 75489  |U V270  |Y 28  |7 75489 
242 0 1 |a Residential House  |y eng 
245 1 0 |a Bytový dom 
260 |c 2018 
650 4 |a Projekt organizácie výstavby  |2 slo 
650 4 |a Bytový dom  |2 slo 
650 4 |a Hydroizolácia spodnej stavby proti radónu  |2 slo 
650 4 |a Project organization of a building  |2 eng 
650 4 |a Waterproofing of the lower building against radon  |2 eng 
650 4 |a Residential House  |2 eng 
700 1 |a Funtík, Tomáš  |u 010270  |k Z1  |4 ths  |U SvF Stavebná fakulta  |T SvF Katedra technológie stavieb  |X 22617  |U V270  |Y 28  |7 A000022617 
856 4 |u http://is.stuba.sk/zp/portal_zp.pl?podrobnosti=129769 
856 4 |u https://opac.crzp.sk/?fn=detailBiblioForm&sid=CB745B58B0F7E53C035BCB6F3E25